| 000 | 00515nam a22001577a 4500 | ||
|---|---|---|---|
| 082 | _a621.3 | ||
| 100 | _aFayyaz, Seemab | ||
| 245 |
_aGreenhouse Automation / _cSeemab Fayyaz |
||
| 260 |
_aIslamabad : _bSEECS - NUST, _c2018. |
||
| 300 |
_a63 p. ; _c30cm. |
||
| 650 |
_aElectrical(Electronics) Engineering-Project Report _993328 |
||
| 700 |
_aDr. Shahzad Younis _931023 |
||
| 856 | _uhttp://10.250.8.41:8080/xmlui/handle/123456789/29163 | ||
| 942 |
_2ddc _cPR |
||
| 999 |
_c536221 _d536221 |
||